| 000 | 00492nam a22001817a 4500 | ||
|---|---|---|---|
| 005 | 20220624095624.0 | ||
| 008 | Español | ||
| 041 | _aspa | ||
| 082 | _aTU 119 | ||
| 100 |
_aAmador Campos, María de los Ángeles _963975 |
||
| 245 | _aInforme de práctica supervisada realizada en Agencias de Viajes Colón | ||
| 260 | _c2018 | ||
| 300 | _a19 páginas | ||
| 650 |
_aCOSTA RICA _963976 |
||
| 650 |
_aAGENCIAS DE VIAJES COLÓN _959831 |
||
| 700 |
_aDESARROLLO OPERATIVO _959832 |
||
| 942 | _cIP | ||
| 999 |
_c12932 _d12932 |
||